<?xml version="1.0" encoding="UTF-8"?>
<record
    xmlns:xsi="http://www.w3.org/2001/XMLSchema-instance"
    xsi:schemaLocation="http://www.loc.gov/MARC21/slim http://www.loc.gov/standards/marcxml/schema/MARC21slim.xsd"
    xmlns="http://www.loc.gov/MARC21/slim">

  <leader>01110nam a2200301 i 4500</leader>
  <controlfield tag="001">9581</controlfield>
  <controlfield tag="003">ES-MaACL</controlfield>
  <controlfield tag="005">20230906145719.0</controlfield>
  <controlfield tag="007">t|</controlfield>
  <controlfield tag="008">931105s1991    sp           ||||1| spa d</controlfield>
  <datafield tag="020" ind1=" " ind2=" ">
    <subfield code="a">84-7615-668-5</subfield>
  </datafield>
  <datafield tag="080" ind1=" " ind2=" ">
    <subfield code="a">616.89-008.441.42</subfield>
  </datafield>
  <datafield tag="080" ind1=" " ind2=" ">
    <subfield code="a">616.89-008.441.12</subfield>
  </datafield>
  <datafield tag="100" ind1="1" ind2=" ">
    <subfield code="a">Arenson, Gloria.</subfield>
    <subfield code="9">22624</subfield>
  </datafield>
  <datafield tag="245" ind1="1" ind2="4">
    <subfield code="a">Una Sustancia llamada comida </subfield>
    <subfield code="b">: c&#xF3;mo entender, controlar y superar la adicci&#xF3;n a la comida / </subfield>
    <subfield code="c">Gloria Arenson ; traducci&#xF3;n, F. Xavier Gisbert da Cruz, Virginia Virnesa [i.e. Vinuesa] Ben&#xED;tez ; revisi&#xF3;n t&#xE9;cnica, Jos&#xE9; Mar&#xED;a Cobo.</subfield>
  </datafield>
  <datafield tag="260" ind1=" " ind2=" ">
    <subfield code="a">Madrid [etc.] : </subfield>
    <subfield code="b">McGraw-Hill, </subfield>
    <subfield code="c">D.L. 1991.</subfield>
  </datafield>
  <datafield tag="300" ind1=" " ind2=" ">
    <subfield code="a">211 p. ; </subfield>
    <subfield code="c">21 cm.</subfield>
  </datafield>
  <datafield tag="490" ind1="1" ind2=" ">
    <subfield code="a">Serie McGraw-Hill de divulgaci&#xF3;n cient&#xED;fica</subfield>
  </datafield>
  <datafield tag="500" ind1=" " ind2=" ">
    <subfield code="a">Indice.</subfield>
  </datafield>
  <datafield tag="650" ind1="1" ind2="4">
    <subfield code="a">Anorexia.</subfield>
    <subfield code="9">9844</subfield>
  </datafield>
  <datafield tag="650" ind1="1" ind2="4">
    <subfield code="a">Bulimia.</subfield>
    <subfield code="9">10643</subfield>
  </datafield>
  <datafield tag="700" ind1="1" ind2=" ">
    <subfield code="a">Gisbert da Cruz, F. Xavier.</subfield>
    <subfield code="9">57333</subfield>
  </datafield>
  <datafield tag="700" ind1="1" ind2=" ">
    <subfield code="a">Vinuesa Ben&#xED;tez, Virginia.</subfield>
    <subfield code="9">115346</subfield>
  </datafield>
  <datafield tag="700" ind1="1" ind2=" ">
    <subfield code="a">Cobo, Jos&#xE9; Mar&#xED;a.</subfield>
    <subfield code="9">39350</subfield>
  </datafield>
  <datafield tag="830" ind1="0" ind2=" ">
    <subfield code="a">Serie McGraw-Hill de divulgaci&#xF3;n cient&#xED;fica</subfield>
    <subfield code="9">178515</subfield>
  </datafield>
  <datafield tag="852" ind1=" " ind2=" ">
    <subfield code="a">ES-MaACL</subfield>
    <subfield code="j">L-17024 </subfield>
    <subfield code="b">R.122031</subfield>
  </datafield>
  <datafield tag="999" ind1=" " ind2=" ">
    <subfield code="c">9581</subfield>
    <subfield code="d">9581</subfield>
  </datafield>
  <datafield tag="952" ind1=" " ind2=" ">
    <subfield code="0">0</subfield>
    <subfield code="1">0</subfield>
    <subfield code="4">0</subfield>
    <subfield code="7">0</subfield>
    <subfield code="a">ATENEOM</subfield>
    <subfield code="b">ATENEOM</subfield>
    <subfield code="c">DEPO2</subfield>
    <subfield code="d">2008-01-17</subfield>
    <subfield code="e">SC</subfield>
    <subfield code="l">0</subfield>
    <subfield code="o">L-17024</subfield>
    <subfield code="p">1009777</subfield>
    <subfield code="r">2023-02-23 00:00:00</subfield>
    <subfield code="w">2023-02-23</subfield>
    <subfield code="y">MONOGRAFIA</subfield>
  </datafield>
</record>
